| 000 | 00656nam a2200193 a 4500 | ||
|---|---|---|---|
| 001 | 779 | ||
| 003 | CDMR | ||
| 005 | 20130923173821.0 | ||
| 008 | 130130s1987||||||||||||||||||||||||||||d | ||
| 020 | _a8428315183 | ||
| 040 |
_aCDMR _bcat _cCDMR |
||
| 100 | 1 |
_9608 _aGarcía Gutiérrez, Antonio Luis |
|
| 245 | 1 | 0 |
_aDocumentación automatizada en los medios informativos _cAntonio Luis García Gutiérrez, Ricardo Lucas Fernández |
| 260 |
_aMadrid _c1987 _bParaninfo |
||
| 650 | 0 | 4 |
_93136 _aGestió de la informació |
| 650 | 0 | 4 |
_93364 _aTecnologia de la informació |
| 650 | 0 | 4 |
_93080 _aMitjans de comunicació de massa _xInnovacions tecnològiques |
| 942 |
_cMON _2ddc |
||
| 999 |
_c779 _d779 |
||